| 000 | 00000nam 2200000zi 4500 |
| 001 | 9.892496 |
| 003 | CaOODSP |
| 005 | 20230425094234 |
| 006 | m o d f |
| 007 | cr |n||||||||| |
| 008 | 201015e19960215oncd o f000 0|eng d |
| 040 | |aCaOODSP|beng|erda|cCaOODSP |
| 043 | |an-cn--- |
| 086 | 1 |aIu28-2/55-1996E-PDF |
| 245 | 00|aWages in small firms : |bfinal draft / |csubmitted by Ekos Research Associates Inc. |
| 264 | 1|a[Ottawa] : |b[Entrepreneurship and Small Business Office, Industry Canada], |cFebruary 15, 1996. |
| 300 | |a1 online resource (ii, 26, 1 pages) : |bgraphs |
| 336 | |atext|btxt|2rdacontent |
| 337 | |acomputer|bc|2rdamedia |
| 338 | |aonline resource|bcr|2rdacarrier |
| 500 | |aDigitized edition from print [produced by Innovation, Science and Economic Development Canada]. |
| 650 | 0|aSmall business|zCanada. |
| 650 | 0|aWages|zCanada. |
| 650 | 5|aBusiness enterprises|zCanada. |
| 650 | 6|aPetites et moyennes entreprises|zCanada. |
| 650 | 6|aSalaires|zCanada. |
| 650 | 6|aEntreprises|zCanada. |
| 710 | 1 |aCanada. |bIndustry Canada, |eissuing body. |
| 710 | 2 |aEkos Research Associates, |econsultant. |
| 856 | 40|qPDF|s391 KB|uhttps://publications.gc.ca/collections/collection_2023/isde-ised/Iu28-2-55-1996-eng.pdf |